La teoría de Piaget en la práctica
Guardado en:
| Autores principales: | , |
|---|---|
| Formato: | Libro |
| Lenguaje: | español |
| Publicado: |
Buenos Aires
Kapelusz
1978
|
| Colección: | Biblioteca de Cultura Pedagógica
|
| Materias: | |
| Etiquetas: |
Agregar Etiqueta
Sin Etiquetas, Sea el primero en etiquetar este registro!
|
MARC
| LEADER | 00000nam a2200000 a 4500 | ||
|---|---|---|---|
| 001 | UCW4384 | ||
| 003 | CL-VaPUC | ||
| 008 | 900322e19780000AG |||||||||||||||||spa|d | ||
| 082 | 0 | 4 | |a 372.21 |b FUR |2 21 |
| 100 | 0 | |a Furth, Hans G |e author |9 309129 | |
| 700 | 0 | |a Wachs, Harry |e author |9 309130 | |
| 245 | 1 | 3 | |a La teoría de Piaget en la práctica |
| 300 | |a 285 p | ||
| 942 | |c BK | ||
| 945 | |d 19900322 00:00:00 | ||
| 260 | |a Buenos Aires |b Kapelusz |c 1978 | ||
| 600 | 0 | 7 | |a PIAGET, JEAN |2 CL-VaPUC |9 308149 |
| 650 | 0 | |a Educación preescolar |9 260381 | |
| 650 | 0 | |a Educación de niños |9 307451 | |
| 650 | 0 | |a Crítica e interpretación |9 255042 | |
| 583 | |a last modification |c 19900322 00:00:00 |k Rodrigo Vera | ||
| 490 | 0 | |a Biblioteca de Cultura Pedagógica | |
| 999 | |c 218142 |d 218140 | ||
| 952 | |0 0 |1 0 |4 0 |6 372_210000000000000_FUR_1978 |7 0 |8 P |9 207150 |a BIBEDU |b BIBEDU |c BIBEDU_PB |d 2019-11-15 |i 2749122 |l 1 |o 372.21 FUR 1978 |p 2749122 |r 2024-01-25 |s 2023-03-28 |w 2019-11-15 |y BK |k EDU | ||
| 952 | |0 0 |1 0 |4 0 |6 372_210000000000000_FUR_1978 |7 0 |8 P |9 207151 |a BIBEDU |b BIBEDU |c BIBEDU_PB |d 2019-11-15 |i 2749130 |o 372.21 FUR 1978 |p 2749130 |r 2024-01-25 |w 2019-11-15 |y BK |k EDU | ||
| 952 | |0 0 |1 0 |4 0 |6 372_210000000000000_FUR_1978 |7 0 |8 P |9 207152 |a BIBEDU |b BIBEDU |c BIBEDU_PB |d 2019-11-15 |i 2749149 |o 372.21 FUR 1978 |p 2749149 |r 2024-01-25 |w 2019-11-15 |y BK |k EDU | ||